Meteorology (Record no. 7513)
[ view plain ]
| 000 -LEADER | |
|---|---|
| fixed length control field | 00555nam a22001937a 4500 |
| 003 - CONTROL NUMBER IDENTIFIER | |
| control field | OSt |
| 005 - DATE AND TIME OF LATEST TRANSACTION | |
| control field | 20211122144208.0 |
| 008 - FIXED-LENGTH DATA ELEMENTS--GENERAL INFORMATION | |
| fixed length control field | 211122b ||||| |||| 00| 0 eng d |
| 020 ## - INTERNATIONAL STANDARD BOOK NUMBER | |
| International Standard Book Number | 0023833300 |
| 040 ## - CATALOGING SOURCE | |
| Original cataloging agency | DDC |
| Transcribing agency | DDC |
| 082 ## - DEWEY DECIMAL CLASSIFICATION NUMBER | |
| Edition number | 2nd.ed |
| Classification number | 551MOR1989 |
| 100 ## - MAIN ENTRY--PERSONAL NAME | |
| Personal name | Moran ,Joseph M |
| 9 (RLIN) | 15380 |
| 245 ## - TITLE STATEMENT | |
| Title | Meteorology |
| Remainder of title | The Atmosphere and the science of waether |
| Statement of responsibility, etc. | Moran ,Joseph M |
| 260 ## - PUBLICATION, DISTRIBUTION, ETC. (IMPRINT) | |
| Place of publication, distribution, etc. | New York |
| Name of publisher, distributor, etc. | Macmillan Publishing company |
| Date of publication, distribution, etc. | 1989 |
| 300 ## - PHYSICAL DESCRIPTION | |
| Extent | xvii,557p; |
| Other physical details | ill:col |
| Dimensions | 21cm |
| 504 ## - BIBLIOGRAPHY, ETC. NOTE | |
| Bibliography, etc | Includes Index |
| 650 ## - SUBJECT ADDED ENTRY--TOPICAL TERM | |
| Source of heading or term | GEography |
| 942 ## - ADDED ENTRY ELEMENTS (KOHA) | |
| Source of classification or shelving scheme | Dewey Decimal Classification |
| Koha item type | Open Shelf |
| Withdrawn status | Lost status | Source of classification or shelving scheme | Damaged status | Not for loan | Home library | Current library | Date acquired | Source of acquisition | Inventory number | Total Checkouts | Full call number | Barcode | Date last seen | Price effective from | Koha item type |
|---|---|---|---|---|---|---|---|---|---|---|---|---|---|---|---|
| Dewey Decimal Classification | MUST Main Library | MUST Main Library | 22/11/2021 | Purchase | 2000/13831 | 551MOR1989 | 2021-1804 | 22/11/2021 | 22/11/2021 | Open Shelf | |||||
| Other/Generic Classification Scheme | MUST Main Library | MUST Main Library | 22/11/2021 | 551MOR1989 | 22/11/2021 | 22/11/2021 | Open Shelf | ||||||||
| Other/Generic Classification Scheme | MUST Main Library | MUST Main Library | 22/11/2021 | 551MOR1989 | 22/11/2021 | 22/11/2021 | Open Shelf |
